000 00295nam a22001217a 4500
999 _c13685
_d13685
082 _a297.54
_bZAK
100 _aZakariyya KandaFaiz Ahmed Faiz
245 _aFaza'il-e-Sadaqaat (Translated)
260 _aLahore
_bKutub Khana Faizi
300 _a719 P.
650 _aIslam, Spending
942 _cBK